| 000 | 00387nam a22001577a 4500 | ||
|---|---|---|---|
| 003 | CEME | ||
| 005 | 20210628204133.0 | ||
| 008 | 210106b xxu||||| |||| 00| 0 eng d | ||
| 040 | _cceme | ||
| 082 | _a621.362 PAS | ||
| 100 |
_aNicholas A. Diakides, Joseph D. Bronzino _968886 |
||
| 245 | _aPassive infrared imaging | ||
| 260 |
_bCRC PRESS _c2012 |
||
| 300 | _a430P | ||
| 942 |
_cBK _2ddc |
||
| 999 |
_c576345 _d576345 |
||